Edgar Allan Poe, o mago do terror (Record no. 62918)

MARC details
000 -LÍDER
campo de controle de tamanho fixo 00471 a2200157 4500
001 - NÚMERO DE CONTROLE
campo de controle 62918
020 ## - ISBN - INTERNATIONAL STANDARD BOOK NUMBER
ISBN - International Standard Book Number 9788506068625
040 ## - FONTE DA CATALOGAÇÃO
Instituição que transcreveu o registro Anchieta - Pituba
100 ## - ENTRADA PRINCIPAL--NOME PESSOAL
Nome pessoal Rozsas, Jeanette
240 10 - TÍTULO UNIFORME
Título uniforme Edgar Allan Poe, o mago do terror
Idioma da obra por
245 10 - TÍTULO
Título Edgar Allan Poe, o mago do terror
300 ## - DESCRIÇÃO FÍSICA
Extensão 271
362 0# - DATAS DE PUBLICAÇÃO E/OU DESIGNAÇÃO SEQUENCIAL
Datas de publicação e/ou designação sequencial 2012
650 #4 - ASSUNTO--TERMO TÓPICO
Cabeçalho tópico ou nome geográfico Pessoas em literatura, história, biografia, genealogia (incluindo historiadores, escritores e críticos da literatura)
942 ## - ELEMENTOS DE ENTRADA ADICIONADOS (KOHA)
Tipo de material Koha Livros
Holdings
Situação do descarte Situação das perdas Situação física Não pode ser emprestado Biblioteca de origem Biblioteca atual Data de aquisição Total de empréstimos Número de chamada completo Código de barras Data de último acesso Data do preço efetivo Tipo de material Koha
        Colégio Anchieta - Pituba Colégio Anchieta - Pituba 21/11/2023   928 R893e ROZ EDG 16190/PIT 21/11/2023 21/11/2023 Livros